| 000 | 00978nam a22002417a 4500 | ||
|---|---|---|---|
| 005 | 20110810113757.0 | ||
| 008 | 110810t xxu||||| |||| 00| 0 eng d | ||
| 010 | _aENG-103519 | ||
| 020 |
_a9789389965315 _c495.00 |
||
| 035 | _aEN-87052 | ||
| 037 | _bDBAD/PUB | ||
| 040 |
_aDPL _bEng |
||
| 082 | _a954.13 | ||
| 100 |
_931629 _aSurinder Kaur |
||
| 245 |
_aHanuman Gurhie Ayodhya incident, 28th July,1855 : _cby Surinder Kaur [and] Sher Singh _broot cause of Babari Masjid dispute / |
||
| 260 |
_aNew Delhi _bInstitute of Objective Studies _c2011 |
||
| 270 |
_bNew Delhi _a162, Jogabai main Road, Jamia Nagar _e110025 _k91-11-26981187 _l91-11-26981104 _mmanzoor@ndf.vsnl.net.in |
||
| 300 |
_avii,178p. : _c22cm (pbk) _bmap |
||
| 650 | _931639 | ||
| 700 |
_931640 _aSher Singh |
||
| 942 |
_2ddc _cEN _mSUR _h954.13 |
||
| 999 |
_c55926 _d55926 |
||